<?xml version="1.0" encoding="UTF-8"?>
<record
    xmlns:xsi="http://www.w3.org/2001/XMLSchema-instance"
    xsi:schemaLocation="http://www.loc.gov/MARC21/slim http://www.loc.gov/standards/marcxml/schema/MARC21slim.xsd"
    xmlns="http://www.loc.gov/MARC21/slim">

  <leader>01860nam a2200349 i 4500</leader>
  <controlfield tag="003">DO-SdBNP</controlfield>
  <controlfield tag="005">20250116073946.0</controlfield>
  <controlfield tag="006">a||||br|||| 00| 0 </controlfield>
  <controlfield tag="007">ta</controlfield>
  <controlfield tag="008">240509t1994    dr adb|| |||| 00| 0 spa d</controlfield>
  <datafield tag="040" ind1=" " ind2=" ">
    <subfield code="a">DO-SdBNP</subfield>
    <subfield code="b">spa</subfield>
    <subfield code="c">BNPHU</subfield>
    <subfield code="e">rda</subfield>
  </datafield>
  <datafield tag="082" ind1=" " ind2="4">
    <subfield code="2">22</subfield>
    <subfield code="b">J58m 1994</subfield>
  </datafield>
  <datafield tag="100" ind1=" " ind2=" ">
    <subfield code="a">Js. Morales, Mariana, de,</subfield>
    <subfield code="e">autora</subfield>
    <subfield code="9">85426</subfield>
  </datafield>
  <datafield tag="245" ind1="1" ind2="0">
    <subfield code="a">Matem&#xE1;tica y ciencias naturales 6&#xBA;:</subfield>
    <subfield code="b">libro del alumno /</subfield>
    <subfield code="c">Mariana de Js. Morales, Rafael Guillermo D&#xED;az, Elfrida Pimentel, Mirian Astacio.</subfield>
  </datafield>
  <datafield tag="246" ind1="1" ind2="1">
    <subfield code="a">Matem&#xE1;tica y ciencias naturales sexto:</subfield>
    <subfield code="b">libro del alumno /</subfield>
  </datafield>
  <datafield tag="264" ind1=" " ind2="4">
    <subfield code="a">[Santo Domingo] :</subfield>
    <subfield code="b">Programa de Mejoramiento de la Educaci&#xF3;n B&#xE1;sica,</subfield>
    <subfield code="c">&#xA9;1994</subfield>
  </datafield>
  <datafield tag="300" ind1=" " ind2=" ">
    <subfield code="a">126, 82 p&#xE1;ginas :</subfield>
    <subfield code="b">ilustraciones, gr&#xE1;ficas, mapas ;</subfield>
    <subfield code="c">26 cm.</subfield>
  </datafield>
  <datafield tag="336" ind1=" " ind2=" ">
    <subfield code="2">rdacontent</subfield>
    <subfield code="a">texto</subfield>
    <subfield code="b">txt</subfield>
  </datafield>
  <datafield tag="337" ind1=" " ind2=" ">
    <subfield code="2">rdamedia</subfield>
    <subfield code="a">sin mediaci&#xF3;n</subfield>
    <subfield code="b">n</subfield>
  </datafield>
  <datafield tag="338" ind1=" " ind2=" ">
    <subfield code="2">rdacarrier</subfield>
    <subfield code="a">volumen</subfield>
    <subfield code="b">nc</subfield>
  </datafield>
  <datafield tag="501" ind1=" " ind2=" ">
    <subfield code="a">Con: Matem&#xE1;tica, p&#xE1;ginas 1 - 126 / Mariana de Js. Morales, Rafael Guillermo D&#xED;az.
Con: Ciencias Naturales, p&#xE1;ginas [126]  1 - 82  /  Elfrida Pimentel, Mirian Astacio.</subfield>
  </datafield>
  <datafield tag="505" ind1=" " ind2=" ">
    <subfield code="a"> Matem&#xE1;tica  /          </subfield>
    <subfield code="r">Mariana de Js. Morales y Rafael Guillermo D&#xED;az. </subfield>
  </datafield>
  <datafield tag="505" ind1=" " ind2=" ">
    <subfield code="a"> Ciencias Naturales /</subfield>
    <subfield code="r">Elfrida Pimentel, Mirian Astacio.
</subfield>
    <subfield code="t">Primera Unidad. Nuestro Ambiente.--</subfield>
    <subfield code="t">Segunda Unidad. Efectos del Clima en la Comunidad.--</subfield>
    <subfield code="t">Tercera Unidad. La Agropecuaria en la Rep&#xFA;blica Dominicana.</subfield>
  </datafield>
  <datafield tag="590" ind1=" " ind2=" ">
    <subfield code="a">Inventariado 2024 / MF</subfield>
  </datafield>
  <datafield tag="650" ind1=" " ind2="4">
    <subfield code="a">Ciencias Naturales</subfield>
    <subfield code="v">Libro de texto</subfield>
    <subfield code="9">84058</subfield>
  </datafield>
  <datafield tag="650" ind1=" " ind2="4">
    <subfield code="a">Matem&#xE1;ticas</subfield>
    <subfield code="x">Libros textos</subfield>
    <subfield code="9">81233</subfield>
  </datafield>
  <datafield tag="700" ind1="1" ind2=" ">
    <subfield code="a">Guillermo D&#xED;az, Rafael,</subfield>
    <subfield code="e">autor</subfield>
    <subfield code="t">Matem&#xE1;tica 6&#xBA;</subfield>
    <subfield code="9">85427</subfield>
  </datafield>
  <datafield tag="700" ind1="1" ind2=" ">
    <subfield code="a">Pimentel, Elfrida</subfield>
    <subfield code="9">344</subfield>
    <subfield code="e">autora</subfield>
    <subfield code="t">Ciencas Natutales 6&#xBA;</subfield>
  </datafield>
  <datafield tag="700" ind1="1" ind2=" ">
    <subfield code="a">Astacio, Mirian</subfield>
    <subfield code="e">autora</subfield>
    <subfield code="t">Ciencas Natutales 6&#xBA;</subfield>
    <subfield code="9">85428</subfield>
  </datafield>
  <datafield tag="710" ind1="1" ind2=" ">
    <subfield code="a">Rep&#xFA;blica Dominicana.</subfield>
    <subfield code="b">Secretar&#xED;a de Estado de Educaci&#xF3;n, Bellas Artes y Cultos</subfield>
    <subfield code="9">23965</subfield>
  </datafield>
  <datafield tag="942" ind1=" " ind2=" ">
    <subfield code="2">ddc</subfield>
    <subfield code="c">LBS1</subfield>
  </datafield>
  <datafield tag="952" ind1=" " ind2=" ">
    <subfield code="0">0</subfield>
    <subfield code="1">0</subfield>
    <subfield code="2">ddc</subfield>
    <subfield code="5">1</subfield>
    <subfield code="7">0</subfield>
    <subfield code="8">PD</subfield>
    <subfield code="a">BNPHU</subfield>
    <subfield code="b">BNPHU</subfield>
    <subfield code="c">CT</subfield>
    <subfield code="d">2021-12-16</subfield>
    <subfield code="e">Donado por Colegio Nuestra Se&#xF1;ora de Lourdes</subfield>
    <subfield code="l">0</subfield>
    <subfield code="o">J58m 1994</subfield>
    <subfield code="p">2024-2860</subfield>
    <subfield code="r">2024-05-09</subfield>
    <subfield code="w">2024-05-09</subfield>
    <subfield code="y">LBS1</subfield>
  </datafield>
  <datafield tag="952" ind1=" " ind2=" ">
    <subfield code="0">0</subfield>
    <subfield code="1">0</subfield>
    <subfield code="2">ddc</subfield>
    <subfield code="5">1</subfield>
    <subfield code="7">0</subfield>
    <subfield code="8">PD</subfield>
    <subfield code="a">BNPHU</subfield>
    <subfield code="b">BNPHU</subfield>
    <subfield code="c">CT</subfield>
    <subfield code="d">2021-12-16</subfield>
    <subfield code="e">Donado por Colegio Nuestra Se&#xF1;ora de Lourdes</subfield>
    <subfield code="l">0</subfield>
    <subfield code="o">J58m 1994</subfield>
    <subfield code="p">2024-2861</subfield>
    <subfield code="r">2024-05-09</subfield>
    <subfield code="t">e.2</subfield>
    <subfield code="w">2024-05-09</subfield>
    <subfield code="y">LBS1</subfield>
  </datafield>
  <datafield tag="999" ind1=" " ind2=" ">
    <subfield code="c">56623</subfield>
    <subfield code="d">56623</subfield>
  </datafield>
</record>
